Statistics for Foods beginning with G

Click here to take the quiz!

General Stats

  • This quiz has been taken 76 times
  • The average score is 7 of 12

Answer Stats

Answer% Correct
grape
100%
goat
99%
garlic
94%
gingerbread
88%
grapefruit
88%
garlic bread
82%
gingerbread man
61%
gherkin
54%
gammon
24%
greengage
7%
ginger nut
6%
goat's cheese
4%

Score Distribution

Percentile by Number Answered

Percent of People with Each Score

Your Score History

You have not taken this quiz